00547 2200193 4500001002100000008004100021035001900062245005900081100002400140250001500164260003900179300003100218020002100249084001500270082000900285650002500294990001700319990001700336INLIS000000000014440 ind $a 0010-0722000037$a Serat pangan dan kanker kolon / $c Samsu Udayana Nurdin$a Samsu Udayana Nurdin$a Ed.1, Cet.1$a yogyakarta : $b Graha Ilmu $c 2019 $a xii, 74 hlm. ; $c 17x24 cm.$a 978-623-228-023-6$a 641.1 Sam s$a 641.1$a Ilmu gizi dan makanan$a 36966/pb/2022$a 36967/pb/2022